First line of Aerosmith songs - Statistics

General Stats
  • This quiz has been taken 16 times
  • The average score is 16 of 30
Answer Stats
First line Song % Correct
Every time that I look in the mirror Dream On
92%
Workin' like a dog for the boss man (Whoa) Love in an Elevator
92%
I could stay awake just to hear you breathin' I Don't Want to Miss a Thing
85%
Rag doll, living in a movie Rag Doll
85%
Talk about things that nobody cares Sweet Emotion
77%
Backstroke lover, always hidin' 'neath the covers Walk This Way
77%
I'm alone, yeah, I don't know if I can face the night Angel
69%
There's something wrong with the world today Livin' on the Edge
69%
There goes my old girlfriend What it Takes
69%
I kept the right ones out Amazing
62%
Come here, baby, you know you drive me up a wall Crazy
62%
There was a time Cryin'
62%
Checkmate honey, beat you at your own damn game Draw the Line
62%
Dum, dum, dum, honey, what have you done? Janie's Got a Gun
62%
In the attic, lights Toys in the Attic
62%
Get yourself a cooler, lay yourself low Same Old Song and Dance
54%
Well, on a train, I met a dame Train Kept a Rollin'
54%
Got to get a grip Get a Grip
46%
Long ago in days untold Kings and Queens
46%
I'm dreaming tonight, I'm living back home Last Child
46%
Riding into town alone by the light of the moon Back in the Saddle
38%
Now, it's time to say goodnight to you Home Tonight
31%
We all live on the edge of town Movin' Out
31%
Lovin' you has got to be The Other Side
31%
The boys and Dukes are ready to rumble Lightning Strikes
23%
Seems like the other day Remember (Walking in the Sand)
23%
Stagecoach lady, hourglass body S.O.S. (Too Bad)
23%
Shela, Shela, she like a hurricane Shela
15%
Now you say you're lonely Cry me a River
8%
Rock-a-bye baby Let the Music do the Talking
0%
No matching quizzes found
Score Distribution
Percent of People with Each Score
Percentile by Number Answered
Your Score History
You have not taken this quiz